000 00698nam a2200289Ia 4500
005 20260324130356.0
008 008 260324s9999 xx 000 0 eng d
020 _a9781315087641
037 _aEBOOK
040 _aCRL
040 _beng
040 _cCRL
041 _2eng
041 _aeng
084 _qCRL
100 _aJohnP. Galassi
_91181520
245 0 _aStrengths-Based School Counseling
245 0 _bPromoting Student Development and Achievement
260 _bTaylor and Francis
260 _c2007
365 _a
365 _b230
856 _uhttp://www.taylorfrancis.com/books/9781315087641
942 _cEBOOK
999 _c1777665
_d1777665